000 00669nam a2200265Ia 4500
005 20260121164930.0
008 008 260114s9999 xx 000 0 eng d
020 _a9783642272196
037 _aEBOOK
040 _aCRL
040 _beng
040 _cCRL
041 _2eng
041 _aeng
084 _qCRL
100 _aYannis Charalabidis, Sotirios Koussouris
_91045454
245 0 _aEmpowering Open and Collaborative Governance
260 _bSpringer
260 _bSpringer
260 _c2012
856 _uhttp://link.springer.com/openurl?genre=book&isbn=978-3-642-27219-6
942 _cEBOOK
999 _c1611177
_d1611177